<?xml version="1.0" encoding="UTF-8"?>
<record
    xmlns:xsi="http://www.w3.org/2001/XMLSchema-instance"
    xsi:schemaLocation="http://www.loc.gov/MARC21/slim http://www.loc.gov/standards/marcxml/schema/MARC21slim.xsd"
    xmlns="http://www.loc.gov/MARC21/slim">

  <leader>01104    a2200217   4500</leader>
  <controlfield tag="005">20080903114822.0</controlfield>
  <controlfield tag="008">080903t        xxu||||| |||| 00| 0 hin d</controlfield>
  <datafield tag="010" ind1=" " ind2=" ">
    <subfield code="a">HIN-78914</subfield>
  </datafield>
  <datafield tag="020" ind1=" " ind2=" ">
    <subfield code="c">295.00</subfield>
  </datafield>
  <datafield tag="035" ind1=" " ind2=" ">
    <subfield code="a">HN-51260</subfield>
  </datafield>
  <datafield tag="037" ind1=" " ind2=" ">
    <subfield code="b">D.B.Act / ven</subfield>
  </datafield>
  <datafield tag="245" ind1=" " ind2=" ">
    <subfield code="a">&#x92C;&#x948;&#x902;&#x915; &#x92A;&#x940;.&#x913;./&#x938;&#x94D;&#x92A;&#x947;&#x936;&#x93F;&#x932;&#x93F;&#x938;&#x94D;&#x91F; &#x906;&#x901;&#x92B;&#x93F;&#x938;&#x930; &#x92A;&#x930;&#x940;&#x915;&#x94D;&#x937;&#x93E; : &#x939;&#x932; &#x92A;&#x94D;&#x930;&#x936;&#x94D;&#x928;-&#x92A;&#x924;&#x94D;&#x930; 2003-2006</subfield>
  </datafield>
  <datafield tag="246" ind1=" " ind2=" ">
    <subfield code="a">Bank P . O,</subfield>
  </datafield>
  <datafield tag="260" ind1=" " ind2=" ">
    <subfield code="a">&#x928;&#x94B;&#x90F;&#x921;&#x93E;</subfield>
    <subfield code="b">&#x915;&#x94D;&#x930;&#x93E;&#x901;&#x928;&#x93F;&#x915;&#x932; &#x92C;&#x941;&#x915;&#x94D;&#x938;</subfield>
    <subfield code="c">2007</subfield>
  </datafield>
  <datafield tag="260" ind1=" " ind2=" ">
    <subfield code="a">&#x928;&#x908; &#x926;&#x93F;&#x932;&#x94D;&#x932;&#x940;(&#x935;&#x93F;&#x924;&#x930;&#x915;)&#x92A;&#x948;&#x928;&#x94D;&#x938;&#x940; &#x92C;&#x941;&#x915;&#x94D;&#x938;</subfield>
  </datafield>
  <datafield tag="270" ind1=" " ind2=" ">
    <subfield code="a">&#x90F;-26,&#x938;&#x947;&#x915;&#x94D;&#x91F;&#x930;-2</subfield>
  </datafield>
  <datafield tag="270" ind1=" " ind2=" ">
    <subfield code="a">&#x906;&#x930; &#x91C;&#x948;&#x921;-66&#x90F;,&#x938;&#x94B;&#x92E;&#x947;&#x936; &#x935;&#x93F;&#x939;&#x93E;&#x930;,&#x91A;&#x93E;&#x935;&#x932;&#x93E;</subfield>
    <subfield code="b">&#x928;&#x908; &#x926;&#x93F;&#x932;&#x94D;&#x932;&#x940;</subfield>
    <subfield code="e">110071</subfield>
  </datafield>
  <datafield tag="300" ind1=" " ind2=" ">
    <subfield code="a">&#x935;&#x93F;.&#x92A;&#x943;.</subfield>
    <subfield code="c">24 &#x938;&#x947;&#x92E;&#x940; (&#x905;&#x91C;&#x93F;&#x932;&#x94D;&#x926;)</subfield>
  </datafield>
  <datafield tag="942" ind1=" " ind2=" ">
    <subfield code="a">dpl</subfield>
    <subfield code="c">HN</subfield>
    <subfield code="k">000 / &#x92C;&#x948;&#x902;&#x915;&#x92A;&#x940;</subfield>
    <subfield code="2">ddc</subfield>
    <subfield code="h">000 </subfield>
    <subfield code="m">&#x92C;&#x948;&#x902;&#x915;&#x92A;&#x940;</subfield>
  </datafield>
  <datafield tag="999" ind1=" " ind2=" ">
    <subfield code="c">994</subfield>
    <subfield code="d">994</subfield>
  </datafield>
  <datafield tag="952" ind1=" " ind2=" ">
    <subfield code="0">0</subfield>
    <subfield code="1">0</subfield>
    <subfield code="4">0</subfield>
    <subfield code="7">1</subfield>
    <subfield code="8">NFIC</subfield>
    <subfield code="a">DBAD</subfield>
    <subfield code="b">DBAD</subfield>
    <subfield code="d">2008-09-03</subfield>
    <subfield code="g">295.00</subfield>
    <subfield code="l">0</subfield>
    <subfield code="o">000  &#x92C;&#x948;&#x902;&#x915;&#x92A;&#x940;</subfield>
    <subfield code="p">HN-51260</subfield>
    <subfield code="r">2008-09-15 00:00:00</subfield>
    <subfield code="t">1</subfield>
    <subfield code="u">1059</subfield>
    <subfield code="v">295.00</subfield>
    <subfield code="w">2008-09-15</subfield>
    <subfield code="y">HN</subfield>
  </datafield>
</record>
